000 00679nam a2200217Ia 4500
008 240729s9999 xx 000 0 und d
022 _a1996-1944
245 0 _aMaterials
260 _aSwitzerland
260 _bMDPI AG
650 _a Descriptive and experimental mechanics
650 _a Electrical engineering. Electronics. Nuclear engineering | Technology
650 _a Engineering (General). Civil engineering (General) | Science
650 _a Microscopy | Science
650 _a Natural history (General)
650 _a Physics
650 _aTechnology
856 _uhttps://doaj.org/toc/03be4a65b844487e8cbab60ef912a1fe
942 _2ddc
942 _cDOAJEJ
999 _c74200
_d74200
945 _a1
_bMadushi Gamage
_c1
_dMadushi Gamage